You can teach / (Record no. 5925)

MARC details
000 -LEADER
fixed length control field 00705cam a22002291 4500
001 - CONTROL NUMBER
control field 6445206
003 - CONTROL NUMBER IDENTIFIER
control field GBCCL
005 - DATE AND TIME OF LATEST TRANSACTION
control field 20241126110552.0
008 - FIXED-LENGTH DATA ELEMENTS--GENERAL INFORMATION
fixed length control field 771102s1941 xx 000 0 eng
010 ## -
-- 41010225
035 ## - SYSTEM CONTROL NUMBER
System control number (OCoLC)3388690
040 ## - CATALOGING SOURCE
Original cataloging agency DLC
Transcribing agency MoSpE
Modifying agency DLC
050 00 -
-- BV1534
-- .B42
082 ## - DEWEY DECIMAL CLASSIFICATION NUMBER
Classification number 268.6
Item number BER
100 1# - MAIN ENTRY--PERSONAL NAME
Personal name Berkeley, James P.
Fuller form of name (James Percival),
Dates associated with a name 1879-1971.
9 (RLIN) 10727
245 10 - TITLE STATEMENT
Title You can teach /
Statement of responsibility, etc. by James Percival Berkeley
260 ## - PUBLICATION, DISTRIBUTION, ETC.
Place of publication, distribution, etc. Philadelphia, Chicago [etc.]
Name of publisher, distributor, etc. The Judson press
Date of publication, distribution, etc. [1941]
300 ## - PHYSICAL DESCRIPTION
Extent 94 p.;
Other physical details ill.;
Dimensions 20 cm.
650 #0 - SUBJECT ADDED ENTRY--TOPICAL TERM
Topical term or geographic name entry element Religious education
General subdivision Teaching methods.
9 (RLIN) 6021
906 ## - LOCAL DATA ELEMENT F, LDF (RLIN)
a 7
b cbc
c oclcrpl
d u
e ncip
f 19
g y-gencatlg
942 ## - ADDED ENTRY ELEMENTS (KOHA)
Source of classification or shelving scheme Dewey Decimal Classification
Koha item type Books
Holdings
Withdrawn status Lost status Source of classification or shelving scheme Damaged status Not for loan Home library Current Library Shelving location Date acquired Total checkouts Full call number Barcode Date last seen Copy number Price effective from Koha item type
    Dewey Decimal Classification     GRACE BIBLE COLLEGE GRACE BIBLE COLLEGE Ministry & Mission 2018-04-18   268.6 BER 009234 2025-05-01 c.1 2018-04-18 Books
© Grace Bible College Library 2025